Taller de ciencias : electricidad /
Guardado en:
| Autor Principal: | |
|---|---|
| Formato: | Libro |
| Publicado: |
España :
Lerner,
1993
|
| Materias: | |
| Etiquetas: |
Agregar Etiqueta
Sin Etiquetas, Sea el primero en etiquetar este registro!
|
| LEADER | 00560nam a22001935a 4500 | ||
|---|---|---|---|
| 001 | CEM.cems009419 | ||
| 005 | 20081211095556.0 | ||
| 008 | 130507s1993##################000#0#####d | ||
| 003 | CEMS | ||
| 082 | 0 | 4 | |a C607.2 |
| 100 | 1 | |a Robson, Pam | |
| 245 | 1 | 0 | |a Taller de ciencias : |b electricidad / |
| 260 | |a España : |b Lerner, |c 1993 | ||
| 300 | |a 32 p. | ||
| 500 | |a En Laboratorio de Física | ||
| 653 | |a Ciencias-experimentos | ||
| 653 | |a Electricidad-experimentos | ||
| 653 | |a Física-experimentos | ||
| 859 | |a CEMS |b BIB. CEMS - 11 de abril |h C607.2 |i R576 |p 19111.97 |t Ej.1 |v 6 |3 6 | ||
